[Event "45th FIDE Chess Olympiad Open"]
[Site "Budapest, Hungary"]
[Date "2024.09.12"]
[Round "2"]
[White "Yakubboev, Nodirbek"]
[Black "Wageih, Kareim"]
[Result "1-0"]
[WhiteElo "2666"]
[BlackElo "2402"]
[PlyCount "61"]
[EventDate "2024.??.??"]
[WhiteTeam "Uzbekistan"]
[BlackTeam "Egypt"]
[WhiteTeamCountry "UZB"]
[BlackTeamCountry "EGY"]
[WhiteClock "0:07:46"]
[BlackClock "0:00:45"]

1. e4 c6 2. d4 d5 3. Nd2 dxe4 4. Nxe4 Nf6 5. Nxf6+ exf6 6. c3 Bd6 7. Bd3 O-O 8. Ne2 Qc7 9. Qc2 h6 10. Be3 Re8 11. h3 Be6 12. O-O Nd7 13. c4 Rad8 14. Rad1 Nf8 15. d5 $146 ({RR} 15. Rfe1 c5 16. Nc3 a6 17. d5 Bc8 18. Ne4 b6 19. Nxd6 Qxd6 20. Bd2 Bd7 21. Qb1 Rxe1+ 22. Rxe1 Re8 23. b4 Rxe1+ 24. Qxe1 Ng6 25. bxc5 bxc5 26. Be3 Ne5 27. Bf1 Bf5 28. Qa5 Qb8 29. Qe1 Nd7 {0-1 Belozerov,A (2492)-Kron,V (2409) Sibiria Region-ch 2009 (5)}) 15... cxd5 16. c5 Be7 17. b4 Nd7 18. Bb5 a6 19. Bf4 Qc8 20. Bxd7 Rxd7 21. Nd4 Bd8 22. Rfe1 Bc7 23. Bxc7 Qxc7 24. a4 Rde7 25. b5 axb5 26. axb5 Bc8 27. Rxe7 Rxe7 28. c6 Qf4 29. Qc5 Qe4 30. c7 Re5 31. Nf3 1-0

[Event "45th FIDE Chess Olympiad Open"]
[Site "Budapest, Hungary"]
[Date "2024.09.12"]
[Round "2"]
[White "Wafa, Hamed"]
[Black "Sindarov, Javokhir"]
[Result "1/2-1/2"]
[WhiteElo "2368"]
[BlackElo "2677"]
[PlyCount "95"]
[EventDate "2024.??.??"]
[WhiteTeam "Egypt"]
[BlackTeam "Uzbekistan"]
[WhiteTeamCountry "EGY"]
[BlackTeamCountry "UZB"]
[WhiteClock "0:20:19"]
[BlackClock "0:05:02"]

1. e4 {Boensch,Uwe} c5 2. Nf3 d6 3. d4 cxd4 4. Nxd4 Nf6 5. Nc3 a6 6. Bg5 e6 7. Qf3 Nbd7 8. O-O-O Qc7 9. Qg3 Be7 10. f4 h6 11. Bh4 g5 12. fxg5 Rg8 ({RR} 12... Nh5 13. Qe3 Qc5 14. Qd2 Bxg5 15. Bxg5 Qxg5 16. Nf3 Qxd2+ 17. Rxd2 Ke7 18. Be2 Nhf6 19. Rhd1 Ne8 20. a4 b6 21. b3 Ra7 22. Kb2 Rc7 23. Rd4 Bb7 24. Nd2 Rg8 25. g3 Rg5 26. Rc4) 13. Be2 ({RR} 13. Nf3 Nh5 14. Qe1 ({RR} 14. Qh3 hxg5 15. Bf2 Nf4) 14... hxg5 15. Bf2 b5 16. a3 Bb7 17. Kb1 ({RR} 17. h4) 17... Rc8 18. Bd3 Nf4 19. g3 Nh3 ({RR} 19... Nxd3 20. cxd3 Ne5 21. Nd4) 20. Bd4 g4 21. Nh4 Ne5 ({RR} 21... f5 22. exf5 e5 23. Be3 Bxh1 24. Qxh1) 22. Rf1 Ng5 23. Qf2 Nc4 24. Bxc4 Qxc4 25. Be3 Nxe4 26. Qxf7+ Kd7 27. Rd4 ({RR} 27. Ng6 Nxc3+ 28. bxc3 Rxg6 29. Qxg6 Be4 30. Qg7 Qb3+ 31. Ka1 Qxa3+ 32. Kb1 Qb3+ 33. Ka1 Qa4+ 34. Kb2 Qxc2+ 35. Ka1 Rc4) ({RR} 27. Nxe4 Bxe4 28. Rc1 Rgf8) 27... Nxc3+ {0-1 Timman,J (2620)-Van Wely,L (2570) Hoogovens Wijk aan Zee 1996 (6)}) 13... hxg5 ({RR} 13... Ne5 14. Nf3 Nxf3 15. Qxf3 hxg5 16. Bg3 Bd7 17. Qd3 Bc6 18. Rhf1) ({RR} 13... Ne5 14. Qe1 hxg5 15. Bg3 Bd7 16. Rf1 Rc8 17. Qd2 b5 18. a3 Qb7 19. Bxe5 dxe5 20. Nf3 a5 21. Nxe5 Rc5 22. Nd3 Rc7 23. e5 b4 24. axb4 axb4 25. Nxb4 Qxb4 26. exf6 Rb7 27. Bb5 Bxb5 28. fxe7 {0-1 Orellana,A (1947)-Galaviz Medina,S (2454) XI Copa Camara Masters 2023 (2.16)}) 14. Bxg5 b5 15. a3 Ne5 $146 ({RR} 15... Rb8 16. Qh4 b4 17. axb4 Rxb4 18. Rhf1 Qc5 19. Be3 Ng4 20. Qg3 Bg5 21. Bxg4 Bxe3+ 22. Qxe3 Rxg4 23. Qh3 Qg5+ 24. Kb1 Rxg2 25. Nxe6 Qg8 26. Nc7+ Kd8 27. N7d5 Rb7 28. Rxf7 Qxf7 29. Qxg2 Ne5 30. Rf1 {1-0 Figueredo Losada,L (2340)-Mendez Fortes,E (2310) Havana Portela Memorial 2010 (6)}) 16. h4 Nh7 17. Nf3 Nxg5 18. Nxe5 dxe5 19. hxg5 Bd7 20. g6 O-O-O 21. g7 Bc6 22. Rxd8+ Qxd8 23. Qxe5 Bd6 24. Qh5 Rxg7 25. Rd1 Bf4+ 26. Kb1 Qg5 27. Qh8+ Rg8 28. Qd4 Rd8 29. Qxd8+ Qxd8 30. Rxd8+ Kxd8 31. Bf3 a5 32. Ne2 Bd6 33. Nd4 Bd7 34. c3 b4 35. axb4 axb4 36. Kc2 bxc3 37. Kxc3 Bg3 38. b4 e5 39. Nf5 Bxf5 40. exf5 f6 41. Kc4 Kc7 42. Kd5 Kb6 43. Ke6 Bh4 44. Be2 Bg5 45. Kd5 Bh4 46. Ke6 Bg5 47. Kd5 Bh4 48. Ke4 1/2-1/2

[Event "45th FIDE Chess Olympiad Open"]
[Site "Budapest, Hungary"]
[Date "2024.09.12"]
[Round "2"]
[White "Vokhidov, Shamsiddin"]
[Black "Sadek, Sameh"]
[Result "1-0"]
[WhiteElo "2650"]
[BlackElo "2269"]
[PlyCount "61"]
[EventDate "2024.??.??"]
[WhiteTeam "Uzbekistan"]
[BlackTeam "Egypt"]
[WhiteTeamCountry "UZB"]
[BlackTeamCountry "EGY"]
[WhiteClock "0:32:21"]
[BlackClock "0:00:33"]

1. e4 e5 2. Nf3 Nc6 3. Bb5 Nge7 4. O-O g6 5. c3 Bg7 6. d4 exd4 7. cxd4 d5 8. exd5 Nxd5 9. Re1+ Be6 10. Bg5 Qd6 11. Nbd2 O-O 12. Ne4 Qb4 13. Bxc6 bxc6 14. Qc1 Rab8 15. b3 Qb6 ({RR} 15... Bd7 16. Nc5 Bg4 17. Na6 Qd6 18. Nxb8 Rxb8 19. Ne5 {1-0 Fernandez,D (2424)-Pace,C (2053) Titled Tue 21st Nov Late 2023 (1)}) 16. Nc5 Rfe8 17. Ne5 Ra8 $146 ({RR} 17... Bf5 18. Nc4 Qb5 19. a4 Qb4 20. Bd2 Bxd4 21. Bxb4 Bxa1 22. Qxa1 Nxb4 23. Rxe8+ Rxe8 24. h3 Bc2 25. Qf6 Re1+ 26. Kh2 Re2 27. Ne5 {0-1 Perunovic,M-Rainfray,A EU-ch U12 Verdun 1995 (5)}) 18. Nc4 Qb8 19. Ne5 Qb6 20. h3 a5 21. Bh6 Bh8 22. Bd2 Nb4 23. Qc3 Bd5 24. Ncd7 Qb5 25. Ng4 Rxe1+ 26. Rxe1 Bg7 27. Bh6 Qd3 28. Ndf6+ Bxf6 29. Nxf6+ Kh8 30. Qc5 Be6 31. Rxe6 1-0

[Event "45th FIDE Chess Olympiad Open"]
[Site "Budapest, Hungary"]
[Date "2024.09.12"]
[Round "2"]
[White "Giri, Anish"]
[Black "Dardha, Daniel"]
[Result "1/2-1/2"]
[WhiteElo "2724"]
[BlackElo "2603"]
[PlyCount "152"]
[EventDate "2024.??.??"]
[WhiteTeam "Netherlands"]
[BlackTeam "Belgium"]
[WhiteTeamCountry "NED"]
[BlackTeamCountry "BEL"]
[WhiteClock "0:10:59"]
[BlackClock "0:12:17"]

1. e4 c5 2. Nf3 Nc6 3. Bb5 e6 4. Bxc6 bxc6 5. d3 Qc7 6. Nc3 ({RR} 6. Qe2 e5 7. Nbd2 Ne7 8. Nc4 Ng6 9. h4 h5 10. g3 d6 11. Bd2 f6 12. Ne3 Be7 13. Ng1 Bd8 14. Qf3 Nf8 15. Ne2 Ne6 16. Qg2 a5 17. a4 Nd4 18. f4 Be6 19. b3 Qd7 20. f5 Bf7 {1-0 Firouzja,A (2728)-Carlsen,M (2863) Carlsen Inv Prelim rapid 2020 (2.2)}) ({RR} 6. h4 e5 7. h5 h6 8. Qe2 Nf6 9. Nbd2 d6 10. Nh4 Bg4 11. f3 Be6 12. g4 Be7 13. Nc4 Nd7 14. Nf5 Bxf5 15. gxf5 Bg5 16. Bd2 f6 17. O-O-O Nb6 18. Kb1 O-O-O 19. Ba5 Kb7 20. c3 d5 {1-0 Dardha,D (2610)-Ibarra Jerez,J (2556) Titled Tue 25th Oct Late 2022 (7)}) 6... e5 7. O-O Be7 ({RR} 7... Ne7 8. Nh4 Ng6 9. Qh5 d6 10. Ne2 Be7 11. Nf5 Bf6 12. Neg3 Nf4 13. Qf3 g6 14. Ne3 h5 15. Ne2 Bg5 16. h3 Ne6 17. Nc4 Bxc1 18. Raxc1 Qe7 19. Qe3 g5 20. f3 Nf4 21. Qd2 Rg8 22. Ng3 {0-1 Caruana,F (2805)-Ivic,V (2596) Chess.com Play-In Match Div 1 2024 (2.3)}) 8. b3 $146 ({RR} 8. h3 d6 9. Nh2 Nf6 10. f4 exf4 11. Bxf4 Be6 12. Kh1 h6 13. Qe2 Nd7 14. Ng4 Qb7 15. Rab1 d5 16. b3 O-O-O 17. Ne5 Nxe5 18. Bxe5 Rhg8 19. a3 g5 20. b4 cxb4 21. axb4 g4 22. b5 gxh3 {0-1 Pascual Palomo,L (1922)-Vila Gazquez,X (2232) ESP-ch U16 Mondariz 2004 (1)}) ({RR} 8. h3 Nf6 9. Nh2 O-O 10. f4 d5 11. Qf3 exf4 12. Bxf4 Qd8 13. Rae1 Be6 14. Kh1 Qd7 15. Rf2 Qb7 16. b3 dxe4 17. Nxe4 Nxe4 18. dxe4 c4 19. Qg3 Kh8 20. Nf3 Qa6 21. Nd4 c5 22. Nf5 Bxf5 {0-1 Nestorovic,N (2152)-Milanovic,D (2429) Serbia-ch Dimitrovgrad 2003 (4)}) ({RR} 8. Qe2 d6 9. h3 f5 10. exf5 Bxf5 11. Nh4 Bxh4 12. Qh5+ Bg6 13. Qxh4 Ne7 14. Qc4 Rb8 15. a3 Nf5 16. Ne2 Bf7 17. Qe4 Qd7 18. g4 Nd4 19. Nxd4 cxd4 20. f4 Bd5 21. Qf5 Qxf5 22. gxf5 O-O {0-1 Moskalets,S (1722)-De Winter,A (2374) Dutch Youth U18 2023 (7.2)}) 8... d6 9. Ne2 Nf6 10. Ng3 O-O 11. h3 a5 12. a4 Re8 13. Nh2 d5 14. c4 Be6 15. Rb1 Rab8 16. Bd2 Red8 17. Qe1 Ra8 18. f4 exf4 19. Bxf4 Qb7 20. Qe2 dxe4 21. dxe4 Re8 22. Rf3 Nd7 23. Rbf1 f6 24. Re3 Bf8 25. Nf5 Rad8 26. Nf3 Qc8 27. g4 Nb8 28. Ng3 Na6 29. e5 fxe5 30. Bxe5 Bf7 31. Bc3 Rxe3 32. Qxe3 Qe6 33. Ne5 Bg6 34. Ne2 Bc2 35. Nf4 Qe8 36. Nh5 Rd1 37. Rxd1 Bxd1 38. Qg5 Qe7 39. Qxe7 Bxe7 40. Nxc6 Bd6 41. Nxg7 Bxb3 42. Ne8 Bxa4 43. Nxd6 Bxc6 44. Bxa5 Bd7 45. Kh2 Be6 46. Kg3 Nb4 47. Kh4 Nc2 48. Bc3 Ne3 49. Ne4 Bxc4 50. Nf6+ Kf7 51. Nxh7 Nd5 52. Ng5+ Kg6 53. Bd2 Bf1 54. Kg3 c4 55. h4 c3 56. h5+ Kg7 57. Bc1 Be2 58. Ne6+ Kf7 59. Nd4 Bd1 60. Nf5 Nf6 61. Ne3 Bxg4 62. Nxg4 Nxh5+ 63. Kf3 Nf6 64. Nf2 Ke6 65. Ke3 Nd5+ 66. Kd4 Nf6 67. Kxc3 Kd5 68. Kd3 Nd7 69. Bb2 Ne5+ 70. Ke2 Nc4 71. Ba1 Ne5 72. Ke3 Nc4+ 73. Kf4 Nd6 74. Ng4 Ke6 75. Ne3 Nb5 76. Be5 Nd6 1/2-1/2

[Event "45th FIDE Chess Olympiad Open"]
[Site "Budapest, Hungary"]
[Date "2024.09.12"]
[Round "2"]
[White "Vandenbussche, Thibaut"]
[Black "Van Foreest, Jorden"]
[Result "0-1"]
[WhiteElo "2461"]
[BlackElo "2696"]
[PlyCount "110"]
[EventDate "2024.??.??"]
[WhiteTeam "Belgium"]
[BlackTeam "Netherlands"]
[WhiteTeamCountry "BEL"]
[BlackTeamCountry "NED"]
[WhiteClock "0:01:04"]
[BlackClock "1:10:24"]

1. e4 c5 2. Nf3 d6 3. Bb5+ Bd7 4. Bxd7+ Nxd7 5. O-O e6 6. b3 Ngf6 ({RR} 6... Be7 7. Bb2 Bf6 8. d4 cxd4 9. Bxd4 Ne7 10. c4 Ne5 11. Nxe5 dxe5 12. Bc5 Nc6 13. Nc3 Be7 14. Qxd8+ Rxd8 15. Bxe7 Kxe7 16. Rfd1 Nd4 17. f3 g5 18. Kf2 h5 19. Ne2 Nc2 20. Rab1 Nb4 21. a3 {0-1 Navara,D (2697)-Sarana,A (2685) Titled Tuesday intern op 15th Feb Early blitz 2022 (7)}) 7. Qe2 g6 8. c4 Bg7 9. Nc3 $146 ({RR} 9. Bb2 O-O 10. Nc3 Nh5 11. g3 a6 12. Rad1 Ne5 13. Nxe5 Bxe5 14. f4 Bd4+ 15. Kg2 Qc7 16. f5 Nf6 17. fxg6 fxg6 18. d3 Nd7 19. Qg4 Rfe8 20. Rd2 Ne5 21. Qh3 Qe7 22. Nd1 Bxb2 23. Nxb2 h5 {0-1 Adewumi,T (2315)-Deac,B (2683) Titled Tue 27th Aug Late 2024 (3)}) 9... O-O 10. d4 cxd4 11. Nxd4 a6 12. Bb2 Qa5 13. Rfd1 Rfd8 14. Rac1 Rac8 15. a3 Qh5 16. Nf3 Ne8 17. h3 Rc6 18. Na2 Bh6 19. Rc2 Rdc8 20. e5 Nxe5 21. Nxe5 Qxe2 22. Rxe2 dxe5 23. Bxe5 Bf8 24. Nb4 Rb6 25. Bd4 Rd6 26. Red2 f6 27. Nc2 Kf7 28. c5 Rd7 29. Be3 Rxd2 30. Rxd2 Bxc5 31. Bxc5 Rxc5 32. Rd7+ Kg8 33. Ne3 Rc7 34. Rd8 Kf7 35. g4 Ke7 36. Rb8 Nd6 37. Rh8 Nf7 38. Rb8 Ne5 39. Rh8 Kd6 40. f4 Nd3 41. f5 Nf4 42. Nc4+ Kc5 43. fxe6 Nxe6 44. Kf2 Kd4 45. Re8 Nc5 46. Nd2 Kc3 47. Ke2 Rd7 48. Re3+ Kc2 49. Nf3 Nxb3 50. Ne1+ Kb2 51. Nd3+ Ka2 52. h4 a5 53. g5 fxg5 54. hxg5 a4 55. Ne5 Rc7 0-1

[Event "45th FIDE Chess Olympiad Open"]
[Site "Budapest, Hungary"]
[Date "2024.09.12"]
[Round "2"]
[White "Warmerdam, Max"]
[Black "Maerevoet, Sim"]
[Result "1/2-1/2"]
[WhiteElo "2679"]
[BlackElo "2432"]
[PlyCount "84"]
[EventDate "2024.??.??"]
[WhiteTeam "Netherlands"]
[BlackTeam "Belgium"]
[WhiteTeamCountry "NED"]
[BlackTeamCountry "BEL"]
[WhiteClock "0:01:48"]
[BlackClock "0:02:02"]

1. Nf3 d5 2. g3 g6 3. Bg2 Bg7 4. O-O e5 5. d3 Nc6 6. Nc3 Nge7 7. e4 O-O 8. exd5 Nxd5 9. Nxd5 Qxd5 10. Re1 Qd8 $146 ({RR} 10... Qd7 11. a4 a5 12. c3 h6 13. Be3 Qd6 14. Qb3 Be6 15. Qb5 b6 16. d4 exd4 17. Bf4 Qc5 18. Nxd4 Nxd4 19. Qxc5 bxc5 20. Bxa8 Rxa8 21. cxd4 Bxd4 22. Bxc7 Bxb2 23. Rab1 Bc3 24. Red1 Bb4 25. Rd8+ {1-0 Korobov,A (2664)-Ter Sahakyan,S (2617) TCh-FRA Top 16 GpA 2023 (3.4)}) ({RR} 10... Qd6 11. Nd2 Be6 12. Ne4 Qe7 13. Bg5 f6 14. Be3 Qf7 15. b4 Rad8 16. b5 Nd4 17. Bxd4 Rxd4 18. Nc5 b6 19. Nxe6 Qxe6 20. c3 Rd6 21. Qa4 Qd7 22. Bc6 Qd8 23. Rad1 f5 24. c4 Kh8 25. Bd5 {½-½ Rastbod,A (2270)-Danesharaste,A (2049) ch-IRI 2024 Rasht IRI (2.3)}) 11. Bd2 Re8 12. b4 a6 13. Ng5 Nd4 14. Ne4 Rb8 15. h4 h6 16. c3 Ne6 17. h5 f5 18. Nc5 Nxc5 19. bxc5 g5 20. d4 e4 21. f3 b6 22. cxb6 Rxb6 23. fxe4 c5 24. dxc5 Rb2 25. Be3 Bxc3 26. Qxd8 Rxd8 27. Rad1 Re8 28. Rf1 fxe4 29. Rd6 Re2 30. Bd4 Bxd4+ 31. Rxd4 Rc2 32. Bxe4 Rxc5 33. Rf6 Re6 34. Rxe6 Bxe6 35. Rd6 Bxa2 36. Rg6+ Kf8 37. Rxa6 Bd5 38. Bxd5 Rxd5 39. Rxh6 g4 40. Kf2 Kg7 41. Rg6+ Kf7 42. Rxg4 Rxh5 1/2-1/2

[Event "45th FIDE Chess Olympiad Open"]
[Site "Budapest, Hungary"]
[Date "2024.09.12"]
[Round "2"]
[White "Hovhannisyan, Mher"]
[Black "Bok, Benjamin"]
[Result "1/2-1/2"]
[WhiteElo "2414"]
[BlackElo "2596"]
[PlyCount "60"]
[EventDate "2024.??.??"]
[WhiteTeam "Belgium"]
[BlackTeam "Netherlands"]
[WhiteTeamCountry "BEL"]
[BlackTeamCountry "NED"]
[WhiteClock "0:02:38"]
[BlackClock "0:01:14"]

1. Nf3 Nf6 2. g3 c5 3. Bg2 Nc6 4. d4 cxd4 5. Nxd4 e5 6. Nxc6 dxc6 7. Qxd8+ ({RR} 7. Nd2 Be7 8. b3 Be6 9. Bb2 Nd7 10. O-O O-O 11. e3 Qc7 12. Qe2 a5 13. a4 Rad8 14. Rad1 b5 15. Ra1 f6 16. Rfd1 Rb8 17. Bc3 b4 18. Bb2 Nb6 19. Rac1 Rfd8 20. e4 Bc5 21. Nf3 Bf8 {½-½ Nakamura,H (2787)-Karjakin,S (2763) Moscow Tal Memorial rapid 11th 2018 (8)}) 7... Kxd8 8. Nd2 Nd5 9. c3 $146 ({RR} 9. Nc4 f6 10. Bd2 Be6 11. O-O-O Kc7 12. a3 Bc5 13. e3 b6 14. b4 Bf8 15. Nb2 b5 16. f4 exf4 17. gxf4 a5 18. e4 Nb6 19. bxa5 Nd7 20. a4 bxa4 21. Nxa4 Ba3+ 22. Kb1 Rhb8+ 23. Ka1 Bb4 {0-1 Mojzis,J (2236)-Studnicka,T (2306) CZE-chT1W 0607 2006 (2.5)}) ({RR} 9. a3 Be6 10. e4 Nb6 11. b3 Bd6 12. Bb2 f6 13. Rf1 Re8 14. O-O-O Kc7 15. f4 Nd7 16. f5 Bf7 17. Bf3 a5 18. Be2 b5 19. g4 Bc5 20. Rf3 h5 21. Rg3 Bf2 22. Rg2 Be3 23. gxh5 Bh6 {0-1 Tichy,S (2167)-Schmider,N (2416) 17th Teplice Open 2024 (2.33)}) ({RR} 9. a3 Be6 10. b3 f6 11. Bb2 a5 12. e4 Nb6 13. f4 Bd6 14. fxe5 Bxe5 15. Bxe5 fxe5 16. Nf3 Nd7 17. Ng5 Ke7 18. Nxe6 {½-½ Malakhov,V (2669)-Predke,A (2684) SRB-chT Premier 2020 (8.4)}) ({RR} 9. Nc4 f6 10. Bd2 Be6 11. e4 Nb6 12. Ne3 Nc4 13. Nxc4 Bxc4 14. Bf1 Be6 15. Be3 Kc7 16. f3 Rd8 17. Bd3 b6 18. Kf2 Bc5 19. Rhd1 Bxe3+ 20. Kxe3 Rd4 21. Be2 Rxd1 22. Rxd1 Rd8 23. Rxd8 Kxd8 {½-½ Xu,X (2574)-Zhou,J (2616) CHN-ch Xinghua 2018 (9)}) 9... Be6 10. O-O f6 11. e4 Nb6 12. f4 Kc7 13. fxe5 fxe5 14. b3 Nd7 15. Nf3 Bc5+ 16. Kh1 Rhf8 17. Bb2 Rae8 18. Rad1 h6 19. c4 Bg4 20. h3 Bxf3 21. Bxf3 Bd4 22. Bxd4 exd4 23. Rxd4 Ne5 24. Kg2 Rd8 25. Rxd8 Rxd8 26. Rd1 Rxd1 27. Bxd1 Kd6 28. Kf2 c5 29. Ke3 g5 30. h4 b6 1/2-1/2

[Event "45th FIDE Chess Olympiad Open"]
[Site "Budapest, Hungary"]
[Date "2024.09.12"]
[Round "2"]
[White "Rodrigue-Lemieux, Shawn"]
[Black "Christiansen, Johan-Sebastian"]
[Result "1-0"]
[WhiteElo "2509"]
[BlackElo "2661"]
[PlyCount "205"]
[EventDate "2024.??.??"]
[WhiteTeam "Canada"]
[BlackTeam "Norway"]
[WhiteTeamCountry "CAN"]
[BlackTeamCountry "NOR"]
[WhiteClock "0:01:41"]
[BlackClock "0:00:39"]

1. e4 e6 2. d4 d5 3. Nd2 c5 4. exd5 Qxd5 5. Ngf3 cxd4 6. g3 Nc6 7. Bg2 Qb5 8. a4 Qa6 9. Bf1 Qa5 10. Bg2 Qa6 11. Bf1 Qa5 12. Bg2 $146 ({RR} 12. Bb5 Bd7 13. O-O Nf6 14. Nc4 Qd8 15. Nxd4 Nxd4 16. Qxd4 Rc8 17. Rd1 Nd5 18. Ne3 Nb6 19. Qg4 Qc7 20. Bd2 h5 21. Qe2 Be7 22. Bc3 f6 23. Qd3 Rh6 24. Qe4 Kf7 25. Re1 Bc5 26. Ng2 Nd5 {1-0 Boraso,A (2330)-Thiel,T (2215) 14th Dolomiti Open 2023 (5.6)}) 12... e5 13. O-O Be6 14. c3 dxc3 15. bxc3 Qxc3 16. Rb1 O-O-O 17. Ng5 Nf6 18. Nxe6 fxe6 19. a5 a6 20. Qa4 Rd4 21. Qa2 Nd5 22. Nf3 Rd3 23. Ng5 Nd4 24. Nf7 Rg8 25. Nxe5 Nb4 26. Rxb4 Bxb4 27. Nxd3 Qxd3 28. Be3 Kb8 29. Qb2 Ne2+ 30. Kh1 Qb5 31. Qc2 g6 32. Bb6 Nc3 33. Rc1 Rc8 34. Qb3 Nd5 35. Ba7+ Kxa7 36. Rxc8 Qxa5 37. h4 Bc5 38. Kh2 Bxf2 39. Qf3 Qe1 40. Re8 Bg1+ 41. Kh3 Qe5 42. Rf8 Bb6 43. Rf7 h5 44. Qd3 g5 45. hxg5 Qxg5 46. Qh7 Bc7 47. Rxc7 Nxc7 48. Qxc7 Qg4+ 49. Kh2 Qb4 50. Qf7 a5 51. Qxe6 a4 52. Qe3+ Qb6 53. Qe7 Qa6 54. Kh3 a3 55. Bxb7 Qxb7 56. Qxa3+ Kb8 57. Qd6+ Ka8 58. Qd8+ Ka7 59. Qa5+ Kb8 60. Qe5+ Ka8 61. Qxh5 Qh1+ 62. Kg4 Qe4+ 63. Kg5 Qe5+ 64. Kh4 Qe4+ 65. g4 Qe1+ 66. Kg5 Qe5+ 67. Kg6 Qe6+ 68. Kg7 Qd7+ 69. Kh6 Qd6+ 70. Qg6 Qh2+ 71. Kg7 Qc7+ 72. Qf7 Qe5+ 73. Kh7 Qe4+ 74. Qf5 Qb7+ 75. Kg8 Qb3+ 76. Qf7 Qe3 77. Qd5+ Kb8 78. g5 Qe8+ 79. Kg7 Qe7+ 80. Kh8 Qe3 81. Qd6+ Ka8 82. Qc6+ Ka7 83. g6 Qh3+ 84. Kg7 Kb8 85. Kf6 Qf1+ 86. Ke7 Qg1 87. Qd6+ Ka8 88. Qd5+ Ka7 89. Kf7 Qf2+ 90. Kg8 Qg3 91. g7 Qb8+ 92. Kf7 Qc7+ 93. Kf6 Qc3+ 94. Kf7 Qc7+ 95. Kf8 Qb8+ 96. Ke7 Qb4+ 97. Ke8 Qb8+ 98. Kd7 Qb4 99. g8=Q Qb5+ 100. Ke7 Qb4+ 101. Kf6 Qf4+ 102. Kg7 Qg4+ 103. Kh8 1-0

[Event "45th FIDE Chess Olympiad Open"]
[Site "Budapest, Hungary"]
[Date "2024.09.12"]
[Round "2"]
[White "Tari, Aryan"]
[Black "Panjwani, Raja"]
[Result "1-0"]
[WhiteElo "2642"]
[BlackElo "2460"]
[PlyCount "97"]
[EventDate "2024.??.??"]
[WhiteTeam "Norway"]
[BlackTeam "Canada"]
[WhiteTeamCountry "NOR"]
[BlackTeamCountry "CAN"]
[WhiteClock "0:20:57"]
[BlackClock "0:25:52"]

1. e4 c5 2. Nf3 g6 3. c3 d5 4. e5 Bg4 5. Bb5+ Nc6 6. O-O Qb6 7. Bxc6+ Qxc6 8. d4 cxd4 9. cxd4 Nh6 10. Nbd2 Bg7 11. h3 Bf5 $146 ({RR} 11... Bxf3 12. Nxf3 O-O 13. Bf4 f6 14. Rc1 Qb6 15. Qd2 Nf7 16. Rc3 Rac8 17. Rfc1 Rxc3 18. Rxc3 fxe5 19. dxe5 e6 20. a3 Re8 21. Be3 Qd8 22. Bd4 Qb8 23. Qe3 b6 24. Rc6 Nd8 25. Rc2 Nb7 26. b4 {½-½ Mickiewicz,P (2217)-Kanakova,N (2160) Ustron Open Masters 2024 (3.13)}) 12. Nb3 Bc2 13. Qe2 Qc4 14. Re1 Rc8 15. Bg5 Qxe2 16. Rxe2 Bd3 17. Re3 Bf5 18. g4 Bd7 19. Nc5 b6 20. e6 fxe6 21. Nxe6 Bxe6 22. Rxe6 O-O 23. Kg2 Nf7 24. Bxe7 Rfe8 25. Rae1 Bf8 26. Bxf8 Rxe6 27. Rxe6 Kxf8 28. Re2 Rc1 29. Kg3 Nd6 30. Kf4 Rc7 31. Ng5 Rd7 32. Ke5 Nf7+ 33. Kf6 Nxg5 34. Kxg5 Kg7 35. f4 h6+ 36. Kh4 Rc7 37. Re5 Rc2 38. Rxd5 Rxb2 39. Rd7+ Kg8 40. Rxa7 Rb4 41. Rd7 Ra4 42. g5 Rxa2 43. gxh6 b5 44. h7+ Kh8 45. Kg5 Ra6 46. d5 Rb6 47. Kh6 Rb8 48. d6 b4 49. Rg7 1-0

[Event "45th FIDE Chess Olympiad Open"]
[Site "Budapest, Hungary"]
[Date "2024.09.12"]
[Round "2"]
[White "Preotu, Razvan"]
[Black "Amar, Elham"]
[Result "1-0"]
[WhiteElo "2451"]
[BlackElo "2539"]
[PlyCount "115"]
[EventDate "2024.??.??"]
[WhiteTeam "Canada"]
[BlackTeam "Norway"]
[WhiteTeamCountry "CAN"]
[BlackTeamCountry "NOR"]
[WhiteClock "0:08:21"]
[BlackClock "0:00:32"]

1. e4 c5 2. Nf3 d6 3. d4 cxd4 4. Nxd4 Nf6 5. Nc3 a6 6. Be2 e5 7. Nb3 Be7 8. O-O O-O 9. Qd3 Nbd7 10. a4 b6 11. Be3 Bb7 12. Bf3 ({RR} 12. Nd2 Qc7 13. Nc4 Nxe4 14. Nxe4 d5 15. Rfd1 Rfd8 16. Ng5 Bxg5 17. Bxg5 f6 18. Be3 dxc4 19. Qxc4+ Qxc4 20. Bxc4+ Kf8 21. Rd6 Rac8 22. Be6 Ke7 23. Rad1 Rc7 24. Bxb6 Nxb6 25. Rxd8 Rxc2 26. Bf5 Rxb2 {1-0 Paravyan,D (2612)-Maximov,D (2489) Titled Tue 13th Feb Late 2024 (5)}) 12... Rc8 13. Rfd1 Qc7 14. Nd2 Rfd8 $146 ({RR} 14... Rfe8 15. Be2 Nc5 16. Bxc5 Qxc5 17. Nc4 Qb4 18. Ra3 d5 19. Nxd5 Bxd5 20. exd5 Qxc4 21. Qxc4 Rxc4 22. Bxc4 Bxa3 23. bxa3 a5 24. Bb5 Rb8 25. c4 Kf8 26. Re1 e4 27. h3 Ke7 28. g4 Kd6 29. g5 {½-½ Fomichenko,S (2269)-Migot,T (2050) Rennes op 1st 2008 (6)}) 15. Qe2 h6 16. Nf1 Bf8 17. h3 Qb8 18. Ng3 Re8 19. Rd2 g6 20. h4 h5 21. Bg5 Qc7 22. Qd1 Re6 23. Nf1 Nh7 24. Nd5 Bxd5 25. exd5 Ree8 26. Be3 f5 27. g3 Ndf6 28. Ra3 Ng4 29. Bxg4 hxg4 30. Rb3 Rb8 31. Rdd3 Nf6 32. Rdc3 Qf7 33. Rc6 Qxd5 34. Qxd5+ Nxd5 35. c4 Nf6 36. Rbxb6 Nd7 37. Rxa6 Rxb2 38. Ra7 Nf6 39. c5 Rc2 40. Raa6 f4 41. gxf4 exf4 42. Bxf4 Nd5 43. Bd2 Rxc5 44. Rxc5 dxc5 45. Rxg6+ Kh7 46. Rxg4 Ra8 47. Ng3 Be7 48. Nf5 Bf8 49. h5 Nb4 50. Rg6 Nd5 51. Rc6 Rxa4 52. Rc8 Bg7 53. Rxc5 Rg4+ 54. Kf1 Nf6 55. f3 Ra4 56. Rc7 Nxh5 57. Nxg7 Ra1+ 58. Kf2 1-0

[Event "45th FIDE Chess Olympiad Open"]
[Site "Budapest, Hungary"]
[Date "2024.09.12"]
[Round "2"]
[White "Urkedal, Frode Olav Olsen"]
[Black "Noritsyn, Nikolay"]
[Result "1-0"]
[WhiteElo "2546"]
[BlackElo "2451"]
[PlyCount "87"]
[EventDate "2024.??.??"]
[WhiteTeam "Norway"]
[BlackTeam "Canada"]
[WhiteTeamCountry "NOR"]
[BlackTeamCountry "CAN"]
[WhiteClock "0:06:50"]
[BlackClock "0:00:54"]

1. d4 d5 2. c4 dxc4 3. e4 e5 4. Nf3 Bb4+ 5. Nc3 exd4 6. Qxd4 Qxd4 7. Nxd4 Nf6 8. f3 Bc5 9. Ndb5 ({RR} 9. Be3 Nc6 10. Nc2 Bxe3 11. Nxe3 Be6 12. Bxc4 Ke7 13. O-O-O Rhd8 14. Bd5 Na5 15. b3 Rac8 16. g4 c5 17. h4 b6 18. Kb2 Nxd5 19. exd5 Bd7 20. h5 h6 21. g5 hxg5 22. h6 Rh8 23. hxg7 Rxh1 {1-0 Ding,L (2805)-Navara,D (2734) Prague Cez Trophy m1 rapid 2019 (8)}) 9... Na6 10. Bf4 Be6 11. Bxc7 Ke7 $146 ({RR} 11... O-O 12. Bd6 Rfc8 13. O-O-O Ne8 14. Bg3 Nb4 15. Nd4 Nd3+ 16. Bxd3 Bxd4 17. Be2 Bc5 18. f4 f5 19. Bf3 Rab8 20. Rhe1 b5 21. exf5 Bxf5 22. Rd5 g6 23. Rxe8+ Rxe8 24. Rxc5 a6 25. Nd5 Re6 26. Bh4 {1-0 Begovac,F (2405)-Rueetschi,U (2265) SUI-chT Switzerland 1993}) ({RR} 11... O-O 12. Be2 Nb4 13. O-O-O a6 14. Bd6 Rfc8 15. Bxc5 Rxc5 16. Nd6 b5 17. a3 Nd3+ 18. Bxd3 cxd3 19. Rxd3 a5 20. Kd2 b4 21. Na4 Rc6 22. Rc1 Rxc1 23. Kxc1 Kf8 24. Nc5 Ke7 25. Kc2 bxa3 26. bxa3 {1-0 Dydyshko,V (2495)-Talla,V (2305) Ostrava Cup 1998 (4)}) 12. O-O-O Nxc7 13. Nxc7 Rac8 14. Nxe6 fxe6 15. Kc2 Be3 16. g3 Rhf8 17. Bh3 Nd7 18. f4 g5 19. Bxe6 Kxe6 20. f5+ Ke7 21. Nd5+ Kf7 22. Nxe3 Ne5 23. Rd6 Rfe8 24. h4 g4 25. h5 b5 26. Rhd1 Nd3 27. Rd7+ Kf8 28. Rxh7 Kg8 29. Rxa7 Rxe4 30. Nd5 Re2+ 31. Rd2 Re1 32. Rh2 Rd8 33. h6 Kh8 34. Nf6 Nb4+ 35. Kc3 Nd5+ 36. Nxd5 Rxd5 37. f6 Rd8 38. Kb4 Rf1 39. Rf7 Rc8 40. Re2 Rh1 41. Rfe7 Rf8 42. Re8 Kg8 43. R2e7 Rxe8 44. f7+ 1-0